Spolupráca, pomoc, darovanie, delenie sa 9. a 10. téma Na pomoc učiteľom etickej výchovy

Bibliographic Details
Main Authors: Lencz, Ladislav, 1927- (Author), Krížová, Oľga (Author)
Format: Article
Language:Slovak
Subjects:

MARC

LEADER 00000nab a2200000 a 4500
001 vtls000513358
003 SK-MaSNL
005 20260304234027.0
008 140302c1994 xo 0 slo
015 |a SNBRB19rr/mm-uuuuu 
035 |a CL0513496 
040 |a SNKBUCL  |b slo  |c SNKBUCL  |e AACR2 
041 0 |a slo 
044 |a xo  |c SK 
080 |a 372.817:373.3(437.6)  |2 1981 
080 |a 373.3(437.6)  |2 1981 
080 |a 37.03:17  |2 1981 
080 |a 17.021.1  |2 1981 
080 |a 301.151:52  |2 1981 
100 1 |a Lencz, Ladislav,  |d 1927-  |4 aut  |9 87737 
245 1 0 |a Spolupráca, pomoc, darovanie, delenie sa 9. a 10. téma  |b Na pomoc učiteľom etickej výchovy  |c Ladislav Lencz, Oľga Krížová 
650 0 7 |a etická výchova  |2 snkbucl  |9 4075 
650 0 7 |a prosociálne správanie  |2 snkbucl  |9 49610 
650 0 7 |a školy základné  |2 snkbucl  |9 390867 
655 7 |a články z novín a časopisov  |2 snkbucl  |9 267496 
700 1 |a Krížová, Oľga  |4 aut  |9 11524 
773 0 |t Učiteľské noviny  |g Roč. 44, č. 8 (1994), s. 3-4 
850 |a Slovenská národná knižnica v Martine  |a MTA001 
852 |a SNK  |b KIS3GCP 
958 |a RK 
992 |a RBX 
999 |c 3201627  |d 3203557